Deset důvodů, proč krachují malé firmy

Rôzne spôsoby, ale rovnaké dôvody úpadku malého podniku. Neúspech podniku z dôvodu: podkapitalizácie, zlého peňažného toku, nedostatočného plánovania, nevyužitia konkurenčnej výhody, zlého marketingu, nedostatočnej pružnosti a prispôsobivosti a nekontrolovaného rastu.

Saved in:
Bibliographic Details
Format: Book Chapter
Language:Czech
Subjects:
Tags: Add Tag
No Tags, Be the first to tag this record!

MARC

LEADER 00000naa a2200000 4500
001 r048532
005 20231002104354.0
041 0 |a cze 
044 |a CZ 
245 1 0 |a Deset důvodů, proč krachují malé firmy 
520 |a Rôzne spôsoby, ale rovnaké dôvody úpadku malého podniku. Neúspech podniku z dôvodu: podkapitalizácie, zlého peňažného toku, nedostatočného plánovania, nevyužitia konkurenčnej výhody, zlého marketingu, nedostatočnej pružnosti a prispôsobivosti a nekontrolovaného rastu. 
610 2 0 |a úpadok podniku 
610 2 0 |a podnik malý 
610 2 0 |a podkapitalizácia 
610 2 0 |a cash flow 
610 2 0 |a plánovanie 
610 2 0 |a výhody konkurenčné 
610 2 0 |a marketing 
610 2 0 |a flexibilita